Creación artística y promesas de libertad

Сохранить в:
Библиографические подробности
Главный автор: D'Allonnes, O. Revault (Автор)
Формат:
Язык:испанский
Опубликовано: Barcelona Gustavo Gili 1977
Серии:Colección Comunicación Visual
Предметы:
Метки: Добавить метку
Нет меток, Требуется 1-ая метка записи!

MARC

LEADER 00000nam a2200000 a 4500
001 UCP9819
003 CL-VaPUC
008 000407e19770000SP |||||||||||||||||spa|d
082 0 4 |a 701.17  |b DAL  |2 21 
100 0 |a D'Allonnes, O. Revault  |e author  |9 440671 
245 1 0 |a Creación artística y promesas de libertad 
300 |a 286 p 
942 |c BK 
945 |d 20000407 00:00:00  |a crobeson 
260 |a Barcelona  |b Gustavo Gili  |c 1977 
650 0 |a Creación artística   |9 266215 
650 0 |a Estética   |9 264950 
650 0 |a Teoría del arte  |9 387638 
650 0 |a Sociología del arte  |9 306278 
583 |a last modification  |c 20000407 00:00:00  |k Rodrigo Vera 
490 0 |a Colección Comunicación Visual 
999 |c 286601  |d 286599 
952 |0 0  |1 0  |4 0  |6 701_170000000000000_DAL_1977  |7 0  |8 A  |9 332629  |a BIBHIS  |b BIBHIS  |d 2019-11-20  |i 139830K  |l 1  |o 701.17 DAL 1977  |p 139830K  |r 2025-01-20  |s 2023-06-20  |w 2019-11-20  |y BK  |k HIS